Grassroots evangelism. (Record no. 11043)

000 -LEADER
fixed length control field 00552nam a2200181 a 4500
001 - CONTROL NUMBER
control field :::00008836$&:&@@
003 - CONTROL NUMBER IDENTIFIER
control field OkBaRHE
005 - DATE AND TIME OF LATEST TRANSACTION
control field 20000607103346.0
008 - FIXED-LENGTH DATA ELEMENTS--GENERAL INFORMATION
fixed length control field s1971 j 000 0 eng u
040 ## - CATALOGING SOURCE
Transcribing agency
100 1# - MAIN ENTRY--PERSONAL NAME
Personal name Mallough, Don.
245 10 - TITLE STATEMENT
Title Grassroots evangelism.
260 ## - PUBLICATION, DISTRIBUTION, ETC. (IMPRINT)
Place of publication, distribution, etc Grand Rapids, MI., :
Name of publisher, distributor, etc Baker Book House
Date of publication, distribution, etc c1971
300 ## - PHYSICAL DESCRIPTION
Extent 143 p. ;
Dimensions 18 cm.
650 ## - SUBJECT ADDED ENTRY--TOPICAL TERM
Topical term or geographic name as entry element Evangelistic Work
General subdivision Study and Teaching
942 ## - ADDED ENTRY ELEMENTS (KOHA)
Source of classification or shelving scheme
Koha item type Books
Copies
Permanent Location Withdrawn status Damaged status Lost status Source of classification or shelving scheme Date acquired Not for loan Copy number Full call number Price effective from Shelving location Date last seen Barcode Koha item type
RHEMA Bible Training College    2010-04-14 1BV 3796 .M332010-04-14General Stacks2010-04-148836Books